México en el Aconagua (Record no. 9426)

MARC details
000 -CABECERA
campo de control de longitud fija 00706nam a2200241 a 4500
001 - NÚMERO DE CONTROL
campo de control BRL_614
005 - FECHA Y HORA DE LA ÚLTIMA TRANSACCIÓN
campo de control 20190320210825.0
008 - DATOS DE LONGITUD FIJA--INFORMACIÓN GENERAL
campo de control de longitud fija 100913s1948----mx-a######---#000-0#spa-#
041 ## - CÓDIGO DE LENGUA
Código de lengua del texto/banda sonora o título independiente spa
044 ## - CÓDIGO DEL PAÍS DE LA ENTIDAD EDITORA/PRODUCTORA
Código MARC del país mx
050 #4 - SIGNATURA TOPOGRÁFICA DE LA BIBLIOTECA DEL CONGRESO
Número de clasificación GV200.15
Número de documento/Ítem .M36 1948
100 1# - ENTRADA PRINCIPAL--NOMBRE DE PERSONA
Nombre de persona Mangas Alfaro, Roberto
9 (RLIN) 23422
245 10 - MENCIÓN DE TÍTULO
Título México en el Aconagua
Mención de responsabilidad, etc. Roberto Mangas Alfaro ; fotografías Federico Espinosa.
260 ## - PUBLICACIÓN, DISTRIBUCIÓN, ETC.
Lugar de publicación, distribución, etc. México, D.F.
Nombre del editor, distribuidor, etc. Ediciones ´Eugene´
Fecha de publicación, distribución, etc. 1948
300 ## - DESCRIPCIÓN FÍSICA
Extensión 236 p.
Otras características físicas il.
Dimensiones 19 cm.
500 ## - NOTA GENERAL
Nota general Au713
650 14 - PUNTO DE ACCESO ADICIONAL DE MATERIA--TÉRMINO DE MATERIA
Término de materia o nombre geográfico como elemento de entrada Alpinismo
9 (RLIN) 16779
650 14 - PUNTO DE ACCESO ADICIONAL DE MATERIA--TÉRMINO DE MATERIA
Término de materia o nombre geográfico como elemento de entrada Alpinistas
Subdivisión geográfica México
9 (RLIN) 23421
651 #4 - PUNTO DE ACCESO ADICIONAL DE MATERIA--NOMBRE GEOGRÁFICO
Nombre geográfico Aconcagua, Monte (Argentina)
9 (RLIN) 24431
700 1# - PUNTO DE ACCESO ADICIONAL--NOMBRE DE PERSONA
Nombre de persona Espinosa, Federico
Término indicativo de función/relación il.
9 (RLIN) 24432
902 ## - CATALOGADOR
Iniciales GRL
942 ## - ELEMENTOS DE PUNTO DE ACCESO ADICIONAL (KOHA)
Fuente del sistema de clasificación o colocación Library of Congress Classification
Tipo de ítem Koha Libros
Holdings
Estado de retiro Estado de pérdida Estado dañado No para préstamo Localización permanente Ubicación/localización actual Fecha de adquisición Número de inventario Total de préstamos Signatura topográfica completa Código de barras Fecha visto por última vez Precio válido a partir de Tipo de ítem Koha
El ejemplar forma parte de la colección y puede ser consultado según las políticas vigentes.       Biblioteca Centro de Estudios Ruth D. Lechuga Biblioteca Centro de Estudios Ruth D. Lechuga 10/09/2013 Au713   GV200.15 .M36 1948 (Au713) GRL00672 22/03/2019 22/03/2019 Libros